Microsoft office XP : Word, excel,access & powerpoint

Bibliographic Details
Main Author: Jamalludin Harun
Other Authors: Zaidatun Tasir
Format: Book
Published: Selangor : Venton Publishing , 2002
Subjects:

MARC

LEADER 00000cam a2200000 7i4500
001 0000011402
005 20071203.0
008 071113
020 |a 9832031591 
090 0 0 |a 005.369   |b JAM 
100 1 |a Jamalludin Harun 
245 1 0 |a Microsoft office XP :   |b Word, excel,access & powerpoint   |c Jamalluddin Harun, Zaidatun Tasir 
260 |a Selangor :   |b Venton Publishing ,   |c 2002 
650 0 |a Computer   |x Study and teaching 
700 0 |a Zaidatun Tasir 
999 |a 0000933402   |b Book   |c Adult Collection   |e Cawangan Tangkak 
999 |a 0000937941   |b Book   |c Adult Collection   |e Cawangan Tangkak 
999 |a 0001002851   |b Book   |c Adult Collection   |e Cawangan Bandar Penawar 
999 |a 0001002852   |b Book   |c Adult Collection   |e Perbadanan Perpustakaan Awam Johor 
999 |a 0001002854   |b Book   |c Adult Collection   |e Cawangan Batu Pahat 
999 |a 0001151977   |b Book   |c Adult Collection   |e Cawangan Pontian